| 000 | 00000nam##2200000za#4500 |
| 001 | 9.602582 |
| 003 | CaOODSP |
| 005 | 20240314152355 |
| 007 | cr ||||||||||| |
| 008 | 150406|2007||||xxc|||||o f|0| 0 fre|d |
| 040 | |aCaOODSP|bfre |
| 043 | |an-cn--- |
| 086 | 1 |aPS83-2/25F-PDF |
| 110 | 1 |aCanada. |bSécurité publique Canada. |
| 245 | 10|aEnquête sur la formation et les processus de recrutement des gangs autochtones dans l'Ouest du Canada / |h[ressource électronique]|c[par] Jana Grekul et Patti LaBoucane-Benson ; rendue possible grâce [à] Sécurité publique Canada, en collaboration avec les Native Counselling Services of Alberta. |
| 260 | |aOttawa - Ontario : |bSécurité publique Canada |c2007. |
| 300 | |a100p.|bréférences, tableaux |
| 490 | 1 |aCollection sur les autochtones|vCA 25 APC |
| 500 | |aVeuillez consulter la publication ayant le n° de catalogue PS83-2/2-2007F-PDF pour une version révisée. Le n° de catalogue (PS4-35/2007F) et l'ISBN (978-0-662-73458-1) copiés dans cette édition PDF sont incorrects. |
| 504 | |aBibliographie. |
| 590 | |a11-26-Supp|b2011-11-03 |
| 710 | 2 |aNative Counselling Services of Alberta. |
| 720 | 1 |aGrekul, Jana |
| 720 | 1 |aLaBoucane-Benson, Patti |
| 775 | 08|tAn investigation into the formation and recruitment processes of Aboriginal gangs in Western Canada : |w(CaOODSP)9.572162 |
| 830 | #0|aCollection sur les autochtones ;|vCA 25 APC|w(CaOODSP)9.501639 |
| 856 | 40|ahttp://publications.gc.ca|qPDF|s374 Ko|uhttps://publications.gc.ca/collections/collection_2011/sp-ps/PS83-2-25-fra.pdf|yCA 25 APC |